000 00425nam a2200205Ia 4500
001 000578
003 YMCAF
005 20230512160026.0
008 100717s1971 ||||||||||||||||| ||und|d
024 _a578
035 _a563
040 _aYMCAF
_beng
_cIN-KoLT
041 _aeng
082 _aCAM-BAU
100 _aBAUMGARTMER
245 0 _aCAMMED FOODS INT. TO M.P.
260 _c1971
300 _a251
942 _2ddc
_cBK
999 _c456
_d456